Theories of counseling and psychotherapy: A case approach (Record no. 394793)

MARC details
000 -LEADER
fixed length control field 00544 a2200205 4500
005 - DATE & TIME
control field 20260205142320.0
008 - FIXED-LENGTH DATA ELEMENTS--GENERAL INFORMATION
fixed length control field 260205b |||||||| |||| 00| 0 eng d
020 ## - ISBN
International Standard Book Number 9789367133255
Price Rs. 1095.00
040 ## - CATALOGING SOURCE
Original cataloging agency VIVEKANANDA LIBRARY
082 ## - DDC NUMBER
Classification number 158.3
Book Number M941T(5)
100 ## - MAIN ENTRY--PERSONAL NAME
Personal name Murdock, Nancy L
245 ## - TITLE STATEMENT
Title Theories of counseling and psychotherapy: A case approach
250 ## - EDITION STATEMENT
Edition statement 5th
260 ## - PUBLICATION, DISTRIBUTION, ETC. (IMPRINT)
Name of publisher, distributor, etc Pearson
Date of publication, distribution, etc 2026
Place of publication, distribution, etc Noida
300 ## - PHYSICAL DESCRIPTION
Pages v.
650 ## - Subject
Subject Psychology
650 ## - Subject
Subject Applied Psychology
650 ## - Subject
Subject Counselling- Paxchotheraphy
942 ## - ADDED ENTRY ELEMENTS (KOHA)
Koha item type Books
Holdings
Withdrawn status Lost status Source of classification or shelving scheme Damaged status Not for loan Location (home branch) Sublocation or collection (holding branch) Shelving location Date acquired Koha issues (times borrowed) Koha full call number Accession No. Koha date last seen Koha item type
    Dewey Decimal Classification     VIVEKANANDA LIBRARY VIVEKANANDA LIBRARY Vivekananda Library 22/01/2026   158.3 M941T(5) 444387 22/01/2026 Books
© Designed and Maintained by Vivekananda Library, MDU Rohtak